000 01131nam a22002897i 4500
005 20200729155604.0
008 200729s2018 ii a|||a |||| 00| 1 tam d
020 _a9788123435527
_cRM19.60
_qpaperback
040 _aPPAK
_beng
_cPPAK
_erda
082 0 4 _223
_a894.8113
090 0 0 _a894.8113
_bPUT
_dK
245 0 0 _6880-01
_aPuttically =
_bClever rat
246 3 3 _aPutticāli eli
264 1 _aChennai, India :
_bNestling Books Publishing and Distributors (P),
_c2018
300 _a16 pages :
_bcolor illustrations ;
_c30 cm
336 _2rdacontent
_atext
337 _2rdamedia
_aunmediated
338 _2rdacarrier
_avolume
490 1 _aNītik kataikaḷin̲ varicai
520 _a"This story is a testament to the fact that no one should be underestimated on the basis of appearance. The clever rat and the arrogant hippopotamus are the main characters in this story." - Title page.
650 1 0 _aChildren's stories, Tamil
650 2 0 _aAnimals
_vFolklore
650 2 0 _aTamil fiction
830 0 _aNītik kataikaḷin̲ varicai
880 1 0 _6245-01/$1
_aபுத்திசாலி எலி
942 _2ddc
_cB
999 _c178420
_d178420